000 00509nam a22001697a 4500
005 20231031125449.0
008 231031b |||||||| |||| 00| 0 eng d
020 _a9780409071092
041 _aEnglish
082 _a346.6 LUP
100 _aLupton, JA
_lEnglish
245 _aA Practical Guide to Company Secretarial Practice /
_cJA Lupton
260 _aDurban :
_bLexisNexis,
_c2008
300 _bx, 170 pages ;
_c25 cm.
650 _alegal practice
_bLaw
942 _cBK
_6ALISON_BN_VRIES
999 _c190
_d190